Red sparrow : a novel / Jason Matthews.
Drafted against her will to serve the regime of Vladimir Putin as an intelligence seductress, Dominika Egorova engages in a charged effort of deception and tradecraft with first-tour CIA officer Nathaniel Nash before a forbidden attraction threatens their careers.
Record details
- ISBN: 9781476706122
- ISBN: 1476706123
- ISBN: 9781476706139
- ISBN: 1476706131
- ISBN: 9781476764177
- ISBN: 1476764174
- ISBN: 9781501171574
- ISBN: 1501171577
- ISBN: 9781501168918
- ISBN: 1501168916
- Physical Description: 434 pages ; 24 cm.
- Edition: First Scribner hardcover edition.
- Publisher: New York : Scribner, ©2013.
Content descriptions
| Awards Note: | Thriller Awards First Novel, 2014. Edgar Allan Poe Awards First Novel, 2014. |
Search for related items by subject
| Subject: | United States. Central Intelligence Agency > Fiction. Women spies > Russia > Fiction. Americans > Russia > Fiction. Spies > Fiction. Russia > Fiction. |
| Genre: | Suspense fiction. Spy stories. Thrillers (Fiction) |
Search for related items by series
Available copies
- 1 of 1 copy available at scottsboropl.
Holds
- 0 current holds with 1 total copy.
Show Only Available Copies
| Location | Call Number / Copy Notes | Barcode | Shelving Location | Status | Due Date |
|---|---|---|---|---|---|
| scottsboropl | F Mat | 32269001064883 | Adult - Fiction | Available | - |
| LDR | 02037nam a2200553 i 4500 | ||
|---|---|---|---|
| 001 | 147363 | ||
| 003 | CONS | ||
| 005 | 20180531091917.0 | ||
| 008 | 120807s2013 nyu 000 f eng | ||
| 010 | . | ‡a 2012031933 | |
| 020 | . | ‡a9781476706122 ‡q(hardcover) | |
| 020 | . | ‡a1476706123 ‡q(hardcover) | |
| 020 | . | ‡a9781476706139 ‡q(paperback) | |
| 020 | . | ‡a1476706131 ‡q(paperback) | |
| 020 | . | ‡a9781476764177 | |
| 020 | . | ‡a1476764174 | |
| 020 | . | ‡a9781501171574 | |
| 020 | . | ‡a1501171577 | |
| 020 | . | ‡a9781501168918 | |
| 020 | . | ‡a1501168916 | |
| 035 | . | ‡a(CPomAG)LMN606684 | |
| 042 | . | ‡apcc | |
| 043 | . | ‡ae-ur--- | |
| 050 | 0 | 0. | ‡aPS3613.A8484 ‡bR43 2013 |
| 082 | 0 | 0. | ‡a813/.6 ‡223 |
| 100 | 1 | . | ‡aMatthews, Jason, ‡d1951- ‡eauthor. |
| 245 | 1 | 0. | ‡aRed sparrow : ‡ba novel / ‡cJason Matthews. |
| 250 | . | ‡aFirst Scribner hardcover edition. | |
| 264 | 1. | ‡aNew York : ‡bScribner, ‡c©2013. | |
| 300 | . | ‡a434 pages ; ‡c24 cm. | |
| 336 | . | ‡atext ‡btxt ‡2rdacontent | |
| 337 | . | ‡aunmediated ‡bn ‡2rdamedia | |
| 338 | . | ‡avolume ‡bnc ‡2rdacarrier | |
| 490 | 1 | . | ‡aThe Red Sparrow trilogy ; ‡v1. |
| 520 | . | ‡aDrafted against her will to serve the regime of Vladimir Putin as an intelligence seductress, Dominika Egorova engages in a charged effort of deception and tradecraft with first-tour CIA officer Nathaniel Nash before a forbidden attraction threatens their careers. | |
| 586 | 8 | . | ‡aThriller Awards First Novel, 2014. |
| 586 | 8 | . | ‡aEdgar Allan Poe Awards First Novel, 2014. |
| 610 | 1 | 0. | ‡aUnited States. ‡bCentral Intelligence Agency ‡vFiction. |
| 650 | 0. | ‡aWomen spies ‡zRussia ‡vFiction. | |
| 650 | 0. | ‡aAmericans ‡zRussia ‡vFiction. | |
| 650 | 1. | ‡aSpies ‡vFiction. | |
| 651 | 0. | ‡aRussia ‡vFiction. | |
| 655 | 7. | ‡aSuspense fiction. ‡2gsafd | |
| 655 | 7. | ‡aSpy stories. ‡2gsafd | |
| 655 | 7. | ‡aThrillers (Fiction) ‡2lcgft | |
| 800 | 1 | . | ‡aMatthews, Jason, ‡d1951- ‡tRed Sparrow trilogy ; ‡v1. |
| 914 | . | ‡aSCP_kt | |
| 959 | . | ‡i32269001064883 ‡lF Mat ‡aAdult - Fiction ‡tFiction ‡g28.00 | |
| 852 | . | ‡p32269001064883 ‡jF Mat ‡gAdult - Fiction ‡cFiction ‡y28.00 ‡bSBPL | |
| 901 | . | ‡a147363 ‡bUnknown ‡c147363 ‡tbiblio | |